Balfour ends the year on a high (Record no. 76285)

MARC details
000 -LEADER
fixed length control field 00714cab a2200181 4500
001 - CONTROL NUMBER
control field ##L131899
008 - FIXED-LENGTH DATA ELEMENTS--GENERAL INFORMATION
fixed length control field 051214n2005 000 0 eng u
035 ## - SYSTEM CONTROL NUMBER
System control number (Sirsi) u131899
041 0# - LANGUAGE CODE
Language code of text/sound track or separate title eng
100 1# - MAIN ENTRY--PERSONAL NAME
Personal name McCormick, Helen
245 00 - TITLE STATEMENT
Title Balfour ends the year on a high
260 ## - PUBLICATION, DISTRIBUTION, ETC.
Date of publication, distribution, etc. 2005
490 #0 - SERIES STATEMENT
Series statement Contract Journal
Volume/sequential designation 431(6555) 14 December 2005, 18-19(2)
520 ## - SUMMARY, ETC.
Summary, etc. Balfour Beatty topped the new work winners monthly league table for November. It also remains ahead in the year-to-date table, with Bovis Lend Lease in second place. Also includes tables giving breakdown of work by sector and geographical area.
590 ## - LOCAL NOTE (RLIN)
Local note IKA030106
690 ## - LOCAL SUBJECT ADDED ENTRY--TOPICAL TERM (OCLC, RLIN)
Topical term or geographic name as entry element BUILT ENVIRONMENT-CONSTRUCTION MARKET
942 ## - ADDED ENTRY ELEMENTS (KOHA)
Suppress in OPAC 0
Holdings
Withdrawn status Lost status Source of classification or shelving scheme Damaged status Not for loan Home library Current library Shelving location Date acquired Total Checkouts Full call number Barcode Date last seen Copy number Price effective from Koha item type
    Dewey Decimal Classification     London London Journal article 14/12/2005   L131899 131899-1001 06/08/2019 1 06/08/2019 Journal article